GREEN HOUSE MANAGEMENT FOR HORTICULTURE CROPS (Record no. 5088)

MARC details
000 -LEADER
fixed length control field 00408nam a22001697a 4500
005 - DATE AND TIME OF LATEST TRANSACTION
control field 20260121114742.0
008 - FIXED-LENGTH DATA ELEMENTS--GENERAL INFORMATION
fixed length control field 160701b xxu||||| |||| 00| 0 eng d
020 ## - INTERNATIONAL STANDARD BOOK NUMBER
ISBN 978-81-7754-124-3
041 ## - LANGUAGE CODE
Language code of text/sound track or separate title eng
082 ## - DEWEY DECIMAL CLASSIFICATION NUMBER
Item number 20502
100 ## - MAIN ENTRY--AUTHOR NAME
Personal name PRASAD KUMAR
245 ## - TITLE STATEMENT
Title GREEN HOUSE MANAGEMENT FOR HORTICULTURE CROPS
260 ## - PUBLICATION, DISTRIBUTION, ETC. (IMPRINT)
Name of publisher agroprios
Year of publication 2015
300 ## - PHYSICAL DESCRIPTION
Number of Pages 486
650 ## - SUBJECT ADDED ENTRY--TOPICAL TERM
Topical Term Agriculture
942 ## - ADDED ENTRY ELEMENTS (KOHA)
Koha item type Books
Holdings
Lost status Damaged status Collection code Home library Current library Shelving location Date acquired Source of acquisition Cost, normal purchase price Full call number Accession Number Koha item type
    Reference JRU Library JRU Library SHELF-2-B 01/07/2016 PURCHASE 2500.00 631.583 20502 Books
    AGRICULTURE JRU Library JRU Library SHELF-14-G 01/07/2016 PURCHASE 2500.00 635.048 20503 Books
    AGRICULTURE JRU Library JRU Library SHELF-14-G 01/07/2016 PURCHASE 2500.00 20502 20504 Books
    AGRICULTURE JRU Library JRU Library SHELF-14-G 01/07/2016 PURCHASE 2500.00 20502 20505 Books
    AGRICULTURE JRU Library JRU Library SHELF-14-G 01/07/2016 PURCHASE 2500.00 20502 20506 Books